Manchuria y el imperialismo / (Record no. 113302)

MARC details
000 -LEADER
campo de control de longitud fija 00930nam a2200253 4500
001 - NÚMERO DE CONTROL
campo de control 113302
003 - IDENTIFICADOR DE NÚMERO DE CONTROL
campo de control ES-MaACL
005 - FECHA Y HORA DE LA ÚLTIMA TRANSACCIÓN
campo de control 20250829120101.0
007 - CAMPO FIJO DE DESCRIPCIÓN FÍSICA--INFORMACIÓN GENERAL
campo de control de longitud fija t|
008 - DATOS DE LONGITUD FIJA--INFORMACIÓN GENERAL
campo de control de longitud fija 061121s1932 sp r ||||1| spa d
080 ## - NÚMERO DE LA CLASIFICACIÓN DECIMAL UNIVERSAL
Número de la Clasificación Decimal Universal 94(518)"1931/45"
100 1# - ENTRADA PRINCIPAL--NOMBRE DE PERSONA
Nombre de persona Nin, Andreu.
9 (RLIN) 85748
245 10 - MENCIÓN DEL TÍTULO
Título Manchuria y el imperialismo /
Mención de responsabilidad, etc. por Andrés Nin.
260 ## - PUBLICACIÓN, DISTRIBUCIÓN, ETC.
Lugar de publicación, distribución, etc. Valencia :
Nombre del editor, distribuidor, etc. [Cuadernos de Cultura],
Fecha de publicación, distribución, etc. 1932 (
Fabricante Tip. P. Quiles)
300 ## - DESCRIPCIÓN FÍSICA
Extensión 45 p. ;
Dimensiones 17 cm.
490 1# - MENCIÓN DE SERIE
Mención de serie Cuadernos de cultura ;
Designación de volumen o secuencia 51. Política ;
-- 2
530 ## - NOTA DISPONIBLE DE FORMULARIO FÍSICO ADICIONAL
Nota de formato físico adicional disponible Disponible en formato digital.
651 #4 - PUNTO DE ACCESO ADICIONAL DE MATERIA--NOMBRE GEOGRÁFICO
Nombre geográfico Manchuria (China, Región)-
Subdivisión general Historia-
Subdivisión cronológica 1931-1945.
9 (RLIN) 173005
830 1# - PUNTO DE ACCESO ADICIONAL DE SERIE-TÍTULO UNIFORME
Título uniforme Cuadernos de cultura
Designación de volumen o secuencia 51. Política ;
-- 2
9 (RLIN) 181245
852 ## - LOCALIZACIÓN
Ubicación ES-MaACL
Número de control de estantería 1937-F-6
Ubicación en estantería Depósito folletos
Nota libre Revisado enlace: 19 de Abril de 2025
856 ## - LOCALIZACIÓN Y ACCESO ELECTRÓNICOS
Identificador Uniforme de Recursos <a href="http://bdh-rd.bne.es/viewer.vm?id=0000230220&page=1 ">http://bdh-rd.bne.es/viewer.vm?id=0000230220&page=1 </a>
Texto de enlace Biblioteca Digital Hispánica
942 ## - ELEMENTOS DE ENTRADA SECUNDARIOS (KOHA)
Fuente del sistema de clasificación o colocación Clasificación decimal universal
Holdings
Estatus retirado Estado de pérdida Estado de daño No para préstamo Colección Biblioteca de origen Biblioteca actual Ubicación en estantería Fecha de adquisición Fuente de adquisición Total de préstamos Signatura topográfica completa Código de barras Visto por última vez Precio de reemplazo Tipo de ítem Koha
        Colección de folletos Biblioteca del Ateneo de Madrid Biblioteca del Ateneo de Madrid Depósito folletos 17/01/2008     1937-F-6 1118177 23/02/2023 23/02/2023 Folleto